000 00512nam a2200193Ia 4500
005 20250317131212.0
008 008 250317s9999 xx 000 0 eng d
037 _aTextbook
040 _aFMSL
_beng
_cFMSL
041 _aeng
_2eng
084 _qFMSL
100 _aNCAER
_9264047
245 0 _aIntroductions of tractorisation for from employment productivity and income
260 _aNCAER
_bNCAER
_c1980
300 _a147p
490 _vvol. I
942 _cTB
999 _c1267120
_d1267120